000 00798cam a22002653a 4500
001 26136
003 PGUSA
005 20140828083549.0
008 080727s2008||||xxu|||||s|||||000 | eng d
040 _aPGUSA
_beng
042 _adc
050 4 _aBV
100 1 _aRegester, J. A.
_q(Jacob Asbury),
_d1892-1914
245 1 4 _aThe Worship of the Church ;
_band, The Beauty of Holiness
_h[electronic resource] /
_cJ. A. Regester
260 _bProject Gutenberg,
_c2008
506 _aPublic domain in the USA.
516 _aElectronic text
653 _aChurch vestments
653 _aPublic worship
653 _aChurch decoration and ornament
653 _aChristian art and symbolism
830 0 _aProject Gutenberg
_v26136
856 4 0 _uhttp://www.gutenberg.org/ebooks/26136
942 _cEB
999 _c255391
_d255391